Integrovaný dopravný systém - faktor skvalitnenia služieb vo verejnej osobnej doprave

Integrovaná doprava by mala ponúknuť obyvateľom kvalitnú verejnú dopravu, ktorá by mohla nahradiť individuálnu dopravu. Spôsob ako zosúladiť tarify, trasy a časové harmonogramy rôznych foriem hromadnej prepravy.

Saved in:
Bibliographic Details
Main Author: Gregová, Elena
Format: Book Chapter
Language:Slovak
Subjects:
Tags: Add Tag
No Tags, Be the first to tag this record!

MARC

LEADER 00000nla a2200000 4500
001 0178293
005 20221020082730.0
041 0 |a slo 
044 |a SK 
245 1 0 |a Integrovaný dopravný systém - faktor skvalitnenia služieb vo verejnej osobnej doprave  |c Elena Gregová 
520 |a Integrovaná doprava by mala ponúknuť obyvateľom kvalitnú verejnú dopravu, ktorá by mohla nahradiť individuálnu dopravu. Spôsob ako zosúladiť tarify, trasy a časové harmonogramy rôznych foriem hromadnej prepravy. 
610 2 0 |a doprava 
610 2 0 |a doprava integrovaná 
610 2 0 |a doprava verejná 
610 2 0 |a cestujúci 
610 2 0 |a infraštruktúra dopravná 
610 2 0 |a podnik dopravný 
610 2 0 |a služby dopravné 
610 2 0 |a tarify dopravné 
100 1 |a Gregová, Elena